| 000 | 00415nam a2200181Ia 4500 | ||
|---|---|---|---|
| 100 | _aCromwell/leslie | ||
| 650 | _aBiomedical instrumentation | ||
| 250 | _a2 | ||
| 942 | _cBK | ||
| 366 | _f25 | ||
| 654 | _abiomedical | ||
| 245 | _aBiomedical instrumentation and measurements | ||
| 260 |
_bPrentice -Hall of India _c1980 |
||
| 082 |
_a610.28 _bCRO |
||
| 300 | _a510 | ||
| 546 |
_aENGLISH _cTTL |
||
| 999 |
_c20533 _d20533 |
||